000 00261nam a2200109Ia 4500
008 200302s9999 xx 000 0 und d
100 _aSarah Pink
245 _aAdavances in visual methodology
260 _bSage Publication Ltd.,
260 _c2012
300 _a271
999 _c6424
_d6424